Detalles MARC
| 000 -LÍDER |
| Campo fijo de descripción fija |
01518cam a2200373 i 4500 |
| 001 - NÚMERO DE CONTROL |
| Campo de control |
33008082 |
| 003 - IDENTIFICADOR DEL NÚMERO DE CONTROL |
| Campo de control |
CO-MdFUSB |
| 005 - FECHA Y HORA DE LA ULTIMA TRANSACCIÓN |
| control field |
20180821111353.0 |
| 008 - ELEMENTOS DE LONGITUD FIJA -- INFORMACIÓN GENERAL |
| Campo fijo de descripción fija -- Información general |
950731t1995 miu g b 000 0 eng |
| 010 ## - NÚMERO DE CONTROL DE LA BIBLIOTECA DEL CONGRESO |
| Número de control LC |
95036683 |
| 020 ## - NÚMERO INTERNACIONAL NORMALIZADO PARA LIBROS |
| Número Internacional Normalizado del libro |
0860124061 (pbk. : alk. paper) |
| 020 ## - NÚMERO INTERNACIONAL NORMALIZADO PARA LIBROS |
| Número Internacional Normalizado del libro |
9780860124061 (pbk. : alk. paper) |
| 040 ## - FUENTE DE CATALOGACIÓN |
| Agencia de catalogación original |
DLC |
| Agencia que realiza la transcripción |
CO-MdFUSB |
| Agencia que realiza la modificación |
CO-MdFUSB |
| -- |
BTCTA |
| -- |
YDXCP |
| -- |
OCLCG |
| -- |
XBE |
| -- |
CDX |
| -- |
LML |
| -- |
NhCcYME |
| Idioma de catalogación |
spa |
| Convenciones de la descripción |
rda |
| 041 1# - CÓDIGO DE IDIOMA |
| Código de idioma para texto/pista de sonido o título separado |
eng |
| Código de idioma original |
ger |
| 082 ## - NÚMERO DE CLASIFICACIÓN DECIMAL DEWEY |
| Número de la edición del Dewey |
24 |
| Número de clasificación |
G 231.7652 |
| Clave de autor-Numero de item |
R238i |
| 100 0# - ASIENTO PRINCIPAL--NOMBRE PERSONAL |
| Nombre personal |
Benedict |
| Títulos u otras palabras asociadas al nombre |
Pope, |
| Fechas asociadas con el nombre |
1927- |
| Término relacionador |
autor |
| 240 10 - TITULO UNIFORME |
| Título uniforme |
<a href="Im Anfang schuf Gott.">Im Anfang schuf Gott.</a> |
| 245 10 - TÍTULO |
| Título del Material |
In the beginning |
| Parte restante del título - Subtitulo |
: a Catholic understanding of Creation and the fall |
| Mención de responsabilidad, etc. |
/ Cardinal Joseph Ratzinger ; traducido por Boniface Ramsey. |
| 264 #1 - PRODUCCIÓN, PUBLICACIÓN, DISTRIBUCIÓN, MANUFACTURA, Y COPYRIGHT |
| Lugar de producción, publicación, distribución, manufactura |
Grand Rapids, Mich. : |
| -- |
London, England : |
| Nombre del productor, publicador, distribuidor |
William B. Eerdmans Pub. Co., |
| -- |
t&t clark, |
| Fecha de producción, publicación, distribución, manufactura, o copyright |
℗[1995] |
| 264 #4 - PRODUCCIÓN, PUBLICACIÓN, DISTRIBUCIÓN, MANUFACTURA, Y COPYRIGHT |
| Fecha de producción, publicación, distribución, manufactura, o copyright |
©1995 |
| 300 ## - DESCRIPCIÓN FÍSICA |
| Extensión |
xii, 100 páginas ; |
| Dimensiones |
23 cm. |
| 336 ## - TIPO DE CONTENIDO |
| Fuente |
rdacontent |
| Término de tipo de contenido |
texto |
| Código de tipo de contenido |
txt |
| 337 ## - TIPO DE MEDIO |
| Fuente |
rdamedia |
| Nombre del tipo de medio |
sin mediación |
| Código del tipo de medio |
n |
| 338 ## - TIPO DE SOPORTE |
| Fuente |
rdacarrier |
| Nombre del tipo de soporte |
volumen |
| Código Tipo de soporte |
nc |
| 490 1# - MENCIÓN DE SERIE |
| Mención de serie |
Ressourcement : retrieval & renewal in Catholic thought. |
| 500 ## - NOTA GENERAL |
| Nota General |
Traducido de Alemán. |
| 505 ## - NOTA DE CONTENIDO |
| Nota de contenido con formato preestablecido |
Dios el creador -- El significado de los relatos de la creación bíblica -- La creación del ser humano -- El pecado y la salvación -- Las consecuencias de la fe en la creación |
| 650 #7 - ASIENTO SECUNDARIO DE MATERIA - TERMINO TEMÁTICO |
| Término temático o nombre geográfico como elemento de entrada |
Creación |
| 9 (RLIN) |
251 |
| 650 #7 - ASIENTO SECUNDARIO DE MATERIA - TERMINO TEMÁTICO |
| Término temático o nombre geográfico como elemento de entrada |
Sermones |
| 9 (RLIN) |
283 |
| 830 #0 - PUNTO DE ACCESO ADICIONAL DE SERIE - TÍTULO UNIFORME |
| Título uniforme |
Ressourcement (Grand Rapids, Mich.) |
| 942 ## - TIPO DE MATERIAL (KOHA) |
| Tipo de Item KOHA |
Libros General |